[Event "Montreal Young Stars 2"]
[Site "Montreal"]
[Date "2017.12.09"]
[Round "2.12"]
[White "Chapdelaine, Gwyn"]
[Black "Bercuvitz, Tani"]
[Result "1-0"]
[WhiteElo "1285"]
[BlackElo "1375"]
[PlyCount "51"]
[EventDate "2017.12.09"]
[EventType "swiss"]
[EventRounds "8"]
[EventCountry "CAN"]
[SourceTitle "EXT 2022"]
[Source "ChessBase"]
[SourceDate "2021.10.06"]
[SourceVersion "1"]
[SourceVersionDate "2021.10.06"]
[SourceQuality "1"]

1. e4 e5 2. Nf3 Nc6 3. Bc4 Bc5 4. Nc3 Nf6 5. d3 0-0 6. Bg5 h6 7. Bh4 d6 8. Qd2 Bg4 9. Nd5 Kh7 10. Bxf6 gxf6 11. h3 Bxf3 12. gxf3 Nd4 13. 0-0-0 Nxf3 14. Qe2 Ng5 15. h4 Ne6 16. Qh5 Ng7 17. Qf3 Ne8 18. Qf5+ Kh8 19. Qh5 Kh7 20. Rhg1 Ng7 21. Rxg7+ Kxg7 22. Rg1+ Kh7 23. Qf5+ Kh8 24. Nxf6 Qxf6 25. Qxf6+ Kh7 26. Qg7# 1-0

[Event "Montreal CC-ch"]
[Site "Montreal"]
[Date "2017.06.09"]
[Round "1.10"]
[White "Tremblay, Alain"]
[Black "Bercuvitz, Tani"]
[Result "1-0"]
[WhiteElo "2155"]
[BlackElo "1433"]
[PlyCount "97"]
[EventDate "2017.06.09"]
[EventType "swiss"]
[EventRounds "5"]
[EventCountry "CAN"]
[SourceTitle "EXT 2022"]
[Source "ChessBase"]
[SourceDate "2021.10.06"]
[SourceVersion "1"]
[SourceVersionDate "2021.10.06"]
[SourceQuality "1"]

1. d4 d5 2. c4 e6 3. Nc3 Nf6 4. Bg5 Be7 5. cxd5 exd5 6. e3 0-0 7. Bd3 h6 8. Bh4 Nc6 9. Nf3 Bg4 10. h3 Bh5 11. g4 Bg6 12. Bxg6 fxg6 13. Qb3 Rb8 14. Bxf6 Rxf6 15. Nxd5 Rxf3 16. Nxe7+ Kh7 17. Qd5 Rf6 18. Qxd8 Rxd8 19. Nxc6 Rxc6 20. Kd2 Rf6 21. Ke2 Rdf8 22. Rh2 g5 23. Rc1 R8f7 24. Rc5 b6 25. Rc2 Re6 26. h4 gxh4 27. Rxh4 Ree7 28. Rc6 Rf4 29. Kf1 Rfe4 30. Kg2 R4e6 31. Rxe6 Rxe6 32. d5 Re5 33. Rh5 Rg5 34. Rxg5 hxg5 35. Kf3 Kg6 36. Ke4 Kf6 37. Kd4 a6 38. f3 a5 39. a4 g6 40. b3 Ke7 41. Ke5 Kf7 42. e4 Ke7 43. Kd4 Kd6 44. e5+ Ke7 45. Kc4 Kd7 46. Kb5 Kc8 47. Kc6 Kd8 48. e6 Ke7 49. Kxc7 1-0

[Event "Montreal Pere Noel U1500"]
[Site "Montreal"]
[Date "2016.12.28"]
[Round "3.6"]
[White "Bercuvitz, Tani"]
[Black "Diraddo, Daniel"]
[Result "1-0"]
[WhiteElo "1406"]
[BlackElo "1225"]
[PlyCount "73"]
[EventDate "2016.12.26"]
[EventType "swiss"]
[EventRounds "5"]
[EventCountry "CAN"]
[SourceTitle "EXT 2022"]
[Source "ChessBase"]
[SourceDate "2021.10.06"]
[SourceVersion "1"]
[SourceVersionDate "2021.10.06"]
[SourceQuality "1"]

1. d4 Nf6 2. c4 e6 3. Nc3 d5 4. Bg5 Be7 5. Nf3 0-0 6. e3 h6 7. Bh4 Nc6 8. a3 Bd7 9. Bxf6 Bxf6 10. cxd5 exd5 11. Nxd5 Bg4 12. Nxf6+ Qxf6 13. Be2 Rad8 14. 0-0 a6 15. h3 Be6 16. Qc2 Rd7 17. Rfd1 Na5 18. Nd2 Bf5 19. Bd3 Be6 20. Ne4 Qe7 21. Nc5 Rd5 22. Nxe6 fxe6 23. Be4 Rdd8 24. b4 Nc6 25. Bxc6 bxc6 26. Qxc6 Rd6 27. Qc2 Qf7 28. Rac1 Rd7 29. Rf1 Rc8 30. Qc6 Rd6 31. Qb7 Qd7 32. Rc3 Rb6 33. Qe4 Rcb8 34. Rfc1 R8b7 35. Rc6 Rxc6 36. Qxc6 Qxc6 37. Rxc6 1-0

[Event "Quebec-ch U10"]
[Site "Montreal"]
[Date "2014.01.18"]
[Round "2"]
[White "Bercuvitz, Tani"]
[Black "Mocanu, Alexander"]
[Result "0-1"]
[WhiteElo "976"]
[BlackElo "950"]
[PlyCount "78"]
[EventDate "2014.01.18"]
[EventType "swiss"]
[EventRounds "5"]
[EventCountry "CAN"]
[SourceTitle "EXT 2022"]
[Source "ChessBase"]
[SourceDate "2021.10.06"]
[SourceVersion "1"]
[SourceVersionDate "2021.10.06"]
[SourceQuality "1"]

1. d4 d5 2. c4 e6 3. Nc3 c5 4. e3 Nf6 5. Nf3 Nc6 6. Ne5 Be7 7. Nxc6 bxc6 8. Be2 0-0 9. 0-0 Ba6 10. cxd5 Bxe2 11. Qxe2 cxd5 12. h3 c4 13. e4 Re8 14. Bg5 h6 15. Bh4 Nxe4 16. Nxe4 Bxh4 17. Ng3 Bxg3 18. fxg3 Qb6 19. Qf2 Re7 20. Rab1 f5 21. b3 cxb3 22. Rxb3 Qd6 23. Rfb1 g5 24. Qf3 a5 25. Qh5 Kh7 26. Rb7 Ra7 27. Rb8 Qd7 28. Rf8 Rf7 29. Rbb8 Rxf8 30. Rxf8 Qg7 31. Re8 Re7 32. Rxe7 Qxe7 33. Qe2 Qb4 34. Qd1 a4 35. Kf2 Qb2+ 36. Qe2 a3 37. Ke1 Qxd4 38. Qf3 Qa1+ 39. Qd1 Qxa2 0-1